02418cam a22003615i 4500999001700000001000800017003000900025005001700034008004100051020003600092020003900128040003800167082002000205100003100225245011700256264005800373300004500431336002600476337002800502338002700530504005100557520102200608650002801630650002701658650004101685650005301726650004301779653003301822655001701855700003801872942001201910952013401922 c27703d276741181886EG-ScBUE20191024132125.0970716s1998 nyua f b 001 0 eng d a0801484561 (paper : alk. paper) a9780801484568 (paper : alk. paper) aDLCbengerdacDLCdDLCdEG-ScBUE04a322.43bKEC2221 aKeck, Margaret E.eauthor.10aActivists beyond borders :badvocacy networks in international politics /cMargaret E. Keck and Kathryn Sikkink. 1aIthaca, New York : bCornell University Press,c1998. axii, 227 pages :billustrations ;c24 cm atextbtxt2rdacontent aunmediatedbn2rdamedia avolumebnc2rdacarrier aIncludes bibliographical references and index. a"Margaret Keck and Kathryn Sikkink's Activists beyond Borders has been extremely influential in studies of transnational collective action. Building on firsthand experiences, fieldwork, and a vast secondary literature on social movement activity, they highlight the rising prevalence and influence of transnational actors in domestic political exchange and international relations. To demonstrate this phenomenon they introduce a database, constructed by Jackie Smith, on international nongovernmental social change organizations. They also present three qualitative case studies of networks working for human rights, the environment, and women's freedom from violence. The case studies are particularly noteworthy insofar as 'approximately half of all international nongovernmental social change organizations work on these three issues.' Their conceptual innovations, grounded theory, and illustrative case studies have broken new ground and have become a touchstone for studies on transnational collective action." 7aPressure groups.2BUEsh 7aWorld politics.2BUEsh 7aHuman rightsxSocieties, etc.2BUEsh 7aEnvironmental protectionxSocieties, etc.2BUEsh 7aWomen's rightsxSocieties, etc.2BUEsh bMASPPSSbBUSBOLcOctober2019 vReading book1 aSikkink, Kathryn,d1955-eauthor. 2ddccBB 00102ddc40708BaccahaMAINbMAINc1STd2019-10-24ePurchaseg380.00l0o322.43 KECp000048164r2025-07-15 00:00:00v475.00yBB